| 000 | 01223nam1a2200373 i 4500 | ||
|---|---|---|---|
| 001 | RU\NLR\bibl\6103 | ||
| 005 | 20260406150430.0 | ||
| 010 | _a5-300-01542-3 | ||
| 035 | _a(NLR Aleph) 000005941 | ||
| 090 |
_a17165 _c17165 |
||
| 100 | _a19981019g19979999u y0rusy50 ca | ||
| 101 | 1 |
_arus _cger |
|
| 102 | _aRU | ||
| 105 | _a||||||||||||| | ||
| 200 | 1 |
_aСобрание сочинений _eВ 8 т. _fЭрих Мария Ремарк _g[Сост. В. Пронин _gРед. В.Галий] |
|
| 210 |
_aМ. _cТЕРРА _d1997 |
||
| 215 | _d22 | ||
| 463 | 0 | _10015286 | |
| 463 | 0 | _10015287 | |
| 463 | 0 | _10018738 | |
| 463 | 0 | _100111959 | |
| 463 | 0 | _100194488 | |
| 463 | 0 | _100197222 | |
| 463 | 0 | _100111336 | |
| 463 | 0 | _1001119917 | |
| 686 | _aШ6(4Г)67я44 | ||
| 700 | 1 |
_4070 _7ca _8rus _aРемарк _bЭ. М. _f1898-1970 _gЭрих Мария _3RU\NLR\auth\775020 _9114991 |
|
| 702 | 1 |
_4220 _8rus _7ca _aПронин _bВ. Н. _gВладимир Николаевич _3RU\NLR\auth\775764 _9115723 |
|
| 702 | 1 |
_4340 _8rus _7ca _aГалий _bВ. _3RU\NLR\auth\775765 _9115724 |
|
| 801 | 0 |
_aRU _bNLR _c19981019 _gPSBO |
|
| 801 | 1 |
_aRU _bNLR _c19981019 |
|
| 852 |
_aNLR _j98-5/458 |
||
| 942 | _cBOOK | ||